000 00255nam a2200097Ia 4500
001 1154500
005 20250827011145.0
008 250824s9999 xx 000 0 und d
245 0 _aÖLÜMDEN BETER-LA VİE
_cÇAĞATAY KÜPÇÜ
260 _bDESTEK YAYINLARI
999 _c1154500
_d1154500